书目信息 |
| 题名: |
顾炎武
|
|
| 作者: | 陈祖武 著 | |
| 分册: | ||
| 出版信息: | 北京 中华书局 1984 |
|
| 页数: | 37页 | |
| 开本: | 19cm | |
| 丛书名: | 中国历史小丛书 | |
| 单 册: | ||
| 中图分类: | B249.15 | |
| 科图分类: | ||
| 主题词: | ||
| 电子资源: | ||
| ISBN: | 11018.1246 | |
| 000 | 00722oam2 2200265 450 | |
| 001 | 0184010503 | |
| 005 | 20100712220900.0 | |
| 010 | @a11018.1246@dCNY0.11 | |
| 091 | @a11018.1246 | |
| 100 | @a19950623d1984 em y0chiy0110 ea | |
| 101 | 0 | @achi |
| 102 | @aCN@b110000 | |
| 105 | @ay z 000yb | |
| 106 | @ar | |
| 200 | 1 | @a顾炎武@9Gu Yan Wu @f陈祖武著 |
| 210 | @a北京@c中华书局@d1984 | |
| 215 | @a37页@d19cm | |
| 225 | 2 | @a中国历史小丛书 |
| 461 | 0 | @12001 @a中国历史小丛书 |
| 600 | 0 | @a顾炎武@f(1613~1682)@x人物研究 |
| 600 | 0 | @2CT@3S027315@a顾炎武@f(1613~1682) |
| 690 | @aB249.15@v3 | |
| 701 | 0 | @a陈祖武@9chen zu wu@f(1943~)@4著 |
| 801 | 0 | @aCN@bAzMarc@c20130904 |
| 905 | @aBZT@dB249.15@e1@f2@sB249.15/1 | |
| 顾炎武/陈祖武著.-北京:中华书局,1984 |
| 37页;19cm.-(中国历史小丛书) |
| ISBN 11018.1246:CNY0.11 |
| ● |
| 相关链接 |
|
|
|
正题名:顾炎武
索取号:B249.15/1
 
预约/预借
| 序号 | 登录号 | 条形码 | 馆藏地/架位号 | 状态 | 备注 |
| 1 | 2000089816 | 2000089816 | 旧书回溯/ [索取号:B249.15/1] | 在馆 | |
| 2 | 2000136756 | 2000136756 | 旧书回溯/ [索取号:B249.15/1] | 在馆 |